Guess the Harry Potter Movies by Scene #50 - Statistics

General Stats
  • This quiz has been taken 175 times
  • The average score is 17 of 20
Answer Stats
Picture Answer % Correct
Goblet of Fire
100%
Chamber of Secrets
90%
Philosopher's Stone
88%
Goblet of Fire
87%
Prisoner of Azkaban
87%
Deathly Hallows – Part 1
86%
Deathly Hallows – Part 2
85%
Deathly Hallows – Part 1
83%
Goblet of Fire
82%
Half-Blood Prince
82%
Order of the Phoenix
82%
Prisoner of Azkaban
82%
Chamber of Secrets
81%
Deathly Hallows – Part 2
81%
Deathly Hallows – Part 2
79%
Deathly Hallows – Part 2
79%
Half-Blood Prince
78%
Order of the Phoenix
76%
Deathly Hallows – Part 1
73%
Order of the Phoenix
72%
No matching quizzes found
Score Distribution
Percent of People with Each Score
Percentile by Number Answered
Your Score History
You have not taken this quiz